[Event "Capablanca Memorial Premier 33rd"]
[Site "Havana"]
[Date "1998.05.07"]
[Round "1"]
[White "Vallejo Pons, Francisco"]
[Black "Hernandez Onna, Roman"]
[Result "0-1"]
[WhiteElo "2415"]
[BlackElo "2425"]
[Annotator "Har Zvi,R"]
[PlyCount "67"]
[EventDate "1998.05.07"]
[EventType "tourn"]
[EventRounds "13"]
[EventCountry "CUB"]
[EventCategory "8"]
[SourceTitle "CBM 065"]
[Source "ChessBase"]
[SourceDate "1998.08.06"]
[SourceVersion "1"]
[SourceVersionDate "1998.08.06"]
[SourceQuality "1"]

1. e4 c5 2. Nf3 Nc6 3. c3 d6 4. d4 Nf6 5. d5 Nb8 6. Bd3 (6. Bg5 Nbd7 (6... g6
7. Bb5+ Nbd7 8. Nbd2 Bg7 9. O-O a6 10. Bd3 O-O 11. h3 b5 12. a4 Rb8 13. axb5
axb5 14. Qe2 c4 15. Bc2 Nc5 16. Nd4 Bd7 17. Qe3 Qb6 18. Bh6 $14 {1-0 Brynell,
S-Troyke,C/Berliner Sommer 1994/EXT 94op (34)}) 7. Bd3 g6 8. O-O Bg7 9. Nbd2
O-O 10. a4 h6 11. Bh4 Nh5 12. Nc4 Nf4 13. Bc2 b6 14. Re1 Ba6 15. Ne3 Ne5 16.
Nxe5 dxe5 17. g3 Nh3+ 18. Kg2 $14 {1-0 Smagin,S-Hanel,R/Oberwart op 1991/TD
91\08 (41)}) (6. Qc2 g6 7. Bb5+ Nbd7 8. a4 Bg7 9. O-O a6 10. Be2 b6 11. h3 O-O
12. Rd1 Bb7 13. Bf4 Ne8 14. Qc1 Nc7 15. Bh6 b5 16. axb5 axb5 17. Na3 Nf6 $13 {
1/2-1/2 Maric,M-Maksimovic,S/Belgrade 1992/TD 92\07 (47)}) 6... g6 (6... Bg4 7.
O-O (7. h3 Bxf3 8. Qxf3 Nbd7 9. O-O a6 10. Qe2 Ne5 11. Bc2 Qc7 12. Nd2 g6 13.
f4 Ned7 14. Nf3 $16 {1-0 Pavlovic,M-Berend,F/Mitropa Cup 1990/CBM 20 (33)})
7... g6 8. h3 Bxf3 9. Qxf3 Bg7 10. Bg5 Nbd7 11. Nd2 O-O 12. a4 Ne5 13. Qe2 Qc7
14. f4 Nxd3 15. Qxd3 Rfe8 16. Nc4 Nd7 17. Rf2 b6 $132 {1/2-1/2 Bojkovic,
N-Maksimovic,S/Pula ztW 1990/TD 92\07 (46)}) 7. O-O Bg7 8. c4 (8. h3 O-O 9. c4
e5 10. dxe6 Bxe6 11. Nc3 Nc6 12. Bf4 a6 13. Qd2 Nh5 14. Bh2 Qd7 15. Be2 Rad8
16. Rad1 Qc8 17. Rfe1 Nf6 18. Qc1 $14 {1/2-1/2 Preissmann,E-Gerber,R/Geneve
1993/EXP 39 (41)}) 8... O-O 9. Nc3 {this is soomething very similar to benoni
with Bd3-Nf3-h3 which is considered to be one of white's best veariations
against the benoni,and here white has another extre tempi! compared with this
line} a6 10. a4 $6 {to be honest I do not like this move,I am not afraid from
"b5" I will take this pawn without any probelms,but the key point is I do not
like to weaken the "b4" square when I am not forced to do so} (10. h3 $5) 10...
b6 11. h3 e5 12. dxe6 {this move changes completely the structure and the
course of the game,black manages to put his knight on c6 [and after b4 ] while
he gets a weak "d6" pawn,what for me it the most important factor here is that
white lost his space advantage,I think that after noth 10.a4?! and 12.dxe6
white is not better} (12. Bg5 $5 h6 13. Be3 Nh5 14. Qd2 Kh7 15. Ne2 $5 (15. g4
Qf6 $1 {[%cal Gh5f4]}) 15... f5 16. exf5 gxf5 17. g4 $1 e4 18. gxh5 exd3 19.
Nf4 $36) 12... Bxe6 13. Nd5 Nc6 (13... h6 14. Qb3) 14. Bg5 Bxd5 15. cxd5 (15.
exd5 Nb4 16. Re1 Qd7 $11 {[%cal Gf8e8]}) 15... Nb4 $13 16. Bb1 (16. Rc1 $6 h6
$1 17. Bh4 g5 18. Bg3 Nh5 {[%csl Rb2,Rg3]}) 16... Qd7 (16... h6 17. Bd2 {
[%cal Gd2c3]}) 17. Qb3 {[%csl Ra1]} Rae8 18. Re1 Re7 19. Bd2 a5 {this position
seems very natural after 15...Nb4 by black,black played simple moves and so
did white it seems black got the initiative here,white's pieces are placed
very badly here [ the rook on "a1" and the bishop on "b1" ]while black has a
strong pressure along the "e" file} 20. Qc4 Rfe8 21. Ra3 h6 (21... Nh5 $5) 22.
Kf1 Nh5 23. g4 (23. Qc1 $5) 23... Nf6 {[%cal Gh6h5]} 24. Nh4 $5 (24. Kg2) 24...
Nh7 25. Bc3 Nf6 26. Ng2 (26. Bd2 $5 {just see what black is going to play?!})
26... Qd8 27. Re2 $6 {why??} Qc8 {from this moment and on many moves by both
sides seems very strange so...maybe there was great time trouble or maybe just
wrong moves are here} 28. b3 $4 {what's wrong with Nbxd5??} (28. Re1) 28... Qa6
$4 (28... Nbxd5 29. Bb2 Nb4 $19 {[%cal Gd6d5]}) 29. Qxa6 Nxa6 {[%cal Gf6e4,
Gf6d5]} 30. Bd3 $1 Nb4 31. Bb5 Rb8 $6 (31... Nxe4 $5 {seems more active} 32.
Bxg7 Kxg7 33. Bxe8 Rxe8 $13 {[%csl Ra3,Rd5]}) 32. Ra1 $2 {again maybe it's
mistake is entering the moves here???} (32. f3 $14 {[%csl Rb6,Rd6][%cal Gg2e3,
Ge3c4] and here it seems black will pay for his weaknesses}) 32... Nd7 (32...
Nxe4) 33. Bxg7 Kxg7 34. f3 $14 {[%cal Gg2e3,Ge3c4] I do not know why 0-1 maybe
time maybe rest of the moves unavailable...??} 0-1

[Event "Presidents Cup "]
[Site "Elista"]
[Date "1998.05.08"]
[Round "1.2"]
[White "Erendzhenov, Stanislav"]
[Black "Sakaev, Konstantin"]
[Result "0-1"]
[WhiteElo "2370"]
[BlackElo "2620"]
[Annotator "Har Zvi,R"]
[PlyCount "83"]
[EventDate "1998.05.07"]
[EventType "k.o."]
[EventRounds "6"]
[EventCountry "RUS"]
[SourceTitle "CBM 065"]
[Source "ChessBase"]
[SourceDate "1998.08.06"]
[SourceVersion "1"]
[SourceVersionDate "1998.08.06"]
[SourceQuality "1"]

1. e4 c5 2. c3 Nf6 3. e5 Nd5 4. d4 cxd4 5. Nf3 Nc6 6. Bc4 Nb6 7. Bb3 d5 8. exd6
Qxd6 9. O-O Be6 10. Bxe6 Qxe6 11. Nxd4 Nxd4 12. Qxd4 Rd8 13. Qh4 Qc4 {the main
move in the position is 13...Qe2 another possible move is 13...h5 when in both
cases black gets according to the theory fine positions.this move 13...Qc4
which was played in the game also seems OK for black,the conclution in my
opnion is very simple if you want to play for advantage/initiative/win with
the white pieces I reccomand you to choose another line!} 14. Qxc4 Nxc4 15. b3
Ne5 (15... Nd6 16. c4 e6 17. Nc3 Be7 18. Be3 b6 19. Rfd1 O-O $13 {1/2-1/2
Popov,S-Sarlamanov,D/JUG-ch 1991/TD 91\07 (54)}) 16. Be3 a6 17. c4 (17. Nd2 Ng4
18. Ne4 Nxe3 19. fxe3 e6 20. Rad1 Rc8 21. c4 Rc7 22. Rf2 Ba3 23. Nd6+ Bxd6 24.
Rxd6 Ke7 $11 {/=/+ 1/2-1/2 Nun,J-Mokry,K/Tirnavia-B 1983/EXT 97 (33)}) (17. Bb6
Rd3 18. Re1 e6 19. Kf1 Nc6 20. Ke2 Rd5 21. Nd2 Rb5 22. Be3 Rh5 23. h3 Be7 24.
Red1 O-O 25. Nf3 Rd8 $11 {1/2-1/2 Jenni,F-Kobalija,M/Credis 1997/CBM 60/
[Fritz5.00 (100s)] (58)}) (17. Na3 e6 18. Nc2 Nc6 19. Rad1 Be7 20. Bb6 Rxd1 21.
Rxd1 Bd8 22. Be3 Bf6 23. c4 O-O 24. Kf1 Rd8 25. Rxd8+ Bxd8 26. Ke2 Kf8 $11 {
Rombaldoni,A-Passerotti,P/Roma-B 1984/MCD-r8/1/2-1/2 (40)}) 17... Rd3 $1 {
a good move not allowing the knight to enter the game so quick,since the rooks
takes the "c3" square and after 14.Nd2 black has Ng4} 18. h3 {preventing Ng4}
e6 19. Nd2 Be7 $11 {/=/+ the opening has ended,it's clear white got noothing
out of the opening maybe a few problems,first of it seems nicer to play with
the black pieces does not who is your opponent,but in this case this is
exactly the type of position where a much better player will have a hugh score
as was here} 20. Ne4 $6 {the begining of white's incorrect moves which will
coost him the game} (20. Rfd1 O-O 21. Kf1 {[%cal Gf1e2] when white should not
lose this position}) 20... f5 $1 21. Nd2 $6 (21. Nc5 $4 {/Ng5} Rxe3 22. fxe3
Bxc5 $19) (21. Ng3 $142 Kf7 22. Bb6 (22. Rfd1 Rhd8 23. Rxd3 Rxd3 $15) 22... Bd8
23. Be3 Ba5 $15) 21... Kf7 $1 22. Rfd1 Rhd8 23. Kf1 Nc6 $1 $15 {/-/+ the
knight has nothing more to do on e5,by moving him black e5 becomes possible
with the idea to continue pushing the pawns with f4 or e4,look what damage
Ne4-Nd2 caused white just gave black two tempi,white's position now seems very
critical another one wrong move and the game is over,as really was in the next
few moves} 24. a3 $2 {preventing Nb4 but creating many weaknesses on the
Queen's side,the "a3" and "b3" are weak and white can not more his "a1" rook
nor his knight 24.a3? was probably the last mistake necessary for Sakaev to
decide the game} (24. Ke2 Nb4 $1 {[%cal Ge7f6,Yb4c2]} 25. Bb6 $8 R8d7 26. Ba5 (
26. a4 Bf6 $19 27. Rab1 Na2 28. Ba5 Bc3) 26... Nc6 (26... e5 27. Bxb4 Bxb4 28.
Nf3 Rxd1 29. Rxd1 Rxd1 30. Kxd1 Kf6 $15 {[%cal Ge5e4,Gf6e5] /-/+}) 27. Bb6 Bf6
28. Nf3 Nb4 29. Rxd3 Nxd3 30. Rb1 e5 $15 {/-/+}) 24... e5 25. Ke2 e4 26. Ra2 (
26. b4 g5 $5 (26... Nd4+ 27. Bxd4 R8xd4 28. c5 (28. Nf1 Bf6 29. Ne3 f4 30. Ng4
(30. Nd5 Be5 $1 $19) 30... Rxc4 31. Nxf6 (31. Rxd3 f3+ $1 (31... exd3+ $2 32.
Kxd3) (31... Bxa1 32. Rd7+ Ke6 33. Rxb7 h5 $17) 32. Kf1 (32. gxf3 exd3+ 33.
Kxd3 Rxg4) 32... Bxa1 (32... exd3 33. Rd1 fxg2+ 34. Kxg2 Rc3) 33. Rd1 Bb2))
28... Bf6 29. Ra2 (29. Nf1 Rd8 30. Rab1 Rxa3 31. Rxd8 Bxd8 $17 {/-+}) 29... Bg5
$19)) 26... R8d7 27. Rc1 (27. g4 f4 (27... g6 {with the same plan as in the
game,Nd4 followed by f4-f3}) 28. Bxf4 Nd4+ 29. Kf1 Nxb3 $17) 27... g5 $1 28. g3
Nd4+ 29. Bxd4 R7xd4 $19 {the threat now is simply Bxa3} 30. c5 (30. f3 Bxa3 $19
) (30. Rcc2 f4 31. gxf4 gxf4 32. f3 Re3+ $19 33. Kf2 (33. Kf1 exf3) 33... Bh4+
34. Kg2 Rxd2+ 35. Rxd2 exf3+) 30... f4 31. gxf4 gxf4 32. Rc4 (32. c6 bxc6 33.
Rxc6 f3+ 34. Ke1 Bh4 $19) 32... Rxc4 33. Nxc4 Ke6 $1 {it is very nice to see
such move,I believe that after both Rxh3 and Rxb3 Sakaev would have won this
game, but again you see the simplest way,active king and no chances at all} (
33... Rxh3 $19) (33... Rxb3 34. Nd2 Rxh3 35. Nxe4 $19) 34. b4 f3+ 35. Ke1 Bf6
36. Nd2 (36. Ne3 Bc3+ 37. Kf1 Bd4 $19) 36... Bc3 37. Rc2 Kf5 38. Kd1 e3 39.
fxe3 f2 40. Ke2 Rxd2+ 41. Rxd2 Bxd2 42. Kxf2 0-1

[Event "Linares Anibal op 04th"]
[Site "Linares"]
[Date "1997.??.??"]
[Round "3"]
[White "Marciano, David"]
[Black "Filippov, Valerij"]
[Result "0-1"]
[WhiteElo "2485"]
[BlackElo "2510"]
[Annotator "Har Zvi,R"]
[PlyCount "62"]
[EventDate "1997.02.??"]
[EventType "swiss"]
[EventRounds "10"]
[EventCountry "ESP"]
[SourceTitle "CBM 058"]
[Source "ChessBase"]
[SourceDate "1997.06.01"]
[SourceVersion "1"]
[SourceVersionDate "1997.06.01"]
[SourceQuality "1"]

1. e4 {Hecht} c5 2. Nf3 e6 3. c3 Nf6 4. e5 Nd5 5. d4 cxd4 6. Bc4 Nb6 (6... dxc3
7. Bxd5 cxb2 8. Bxb2 Qa5+ 9. Nc3 Ba3 10. Qb3 Bxb2 11. Qxb2 exd5 12. Rd1 Na6 13.
O-O Nc7 14. Nd4 O-O 15. Nf5 d4 16. Ne4 Qxe5 17. Ned6 Qf6 18. Qxd4 Rd8 19. Qxf6
gxf6 20. Nxc8 Raxc8 21. Ne7+ $16 {Antonio,R-Bellon Lopez,J Thessaloniki olm
1988}) 7. Bb3 d6 (7... dxc3 8. Nxc3 d5 9. exd6 Bxd6 (9... Qxd6 10. Qe2 Nc6 11.
O-O a6 12. Rd1 Qc7 13. g3 Bd7 14. Bf4 Qd8 15. Ne4 Be7 16. Nd6+ Bxd6 17. Bxd6
$36 {Blauert,J-Rotstein,A Groningen 1992}) 10. O-O Be7 (10... O-O 11. Qe2 Nc6
12. Rd1 Nd5 13. Nxd5 exd5 14. Bxd5 Qe7 15. Qxe7 Bxe7 16. Be3 $14 {Motwani,
P-Cramling,P Bern 1992}) 11. Qe2 Nc6 12. Rd1 Bd7 13. Bf4 O-O 14. a4 a5 15. Be3
Nd5 16. Bxd5 exd5 17. Nxd5 $16 {Antonio,R-Summermatter,D Biel 1991}) (7... d3
8. Qxd3 d5 9. O-O Nc6 10. Nbd2 Nd7 11. Qe2 Be7 12. Re1 O-O 13. Nf1 $13 {
Senador,R-O'Donnell,T Manila olm 1992}) 8. exd6 Bxd6 9. cxd4 Nd5 10. O-O O-O
11. Nc3 Nxc3 12. bxc3 Nd7 (12... Nc6 13. Re1 Qc7 14. Qd3 Na5 $2 15. Ng5 g6 16.
Qh3 h5 17. Ne4 Nxb3 18. axb3 Be7 19. Qe3 {[%cal Ge3h6]} e5 20. d5 f6 21. d6
Bxd6 22. Nxd6 Qxd6 23. Ba3 {1-0 Motwani,P-Mortazavi,A Cappelle op 1992}) 13.
Re1 b6 14. Qe2 Bb7 15. Bxe6 $4 {[%tqu "En","white played a very strange move
15.Bxe6?? black has immediately a winning move can you find it? not too
difficult","","","b7f3","",10]} Bxf3 $1 $19 {after} (15... Re8 $2 16. Qc4) 16.
gxf3 {[%tqu "En","black has winning move find it, it is the most simple one",
"","","d8h4","but black returnes a blunder by himself as after this move we
are still playing but the game sjould have ended immediately",5]} Qh4 $4 {
but black returnes a blunder by himself as after this move we are still
playing but the game sjould have ended immediately} (16... Re8 17. Qc4 Qe7 $1
$19 {if white still has his knight on f3 he could have played Ng5}) 17. h3 Rae8
18. Qb5 {I guess this is the move black had missed} Nc5 $1 19. dxc5 Bxc5 20.
Qf1 (20. Be3 Rxe6 21. Bxc5 Rg6+) 20... Qg3+ (20... Rxe6 $142 21. Rxe6 fxe6 22.
Qg2 Qf6 $1 $19) 21. Kh1 (21. Qg2 Bxf2+) 21... Qxf3+ 22. Qg2 fxe6 23. Be3 Bxe3
24. fxe3 Rd8 25. Qxf3 Rxf3 {[#] Hecht Bauern- und Felderschwächen ermöglichen
das Eindringen in die weiße Stellung mit weiterem Materialgewinn, oder... Matt}
26. Kg2 Rf5 27. e4 (27. Rad1 Rfd5 (27... Rxd1 {Hecht} 28. Rxd1 Rd5 $19) 28.
Rxd5 Rxd5 {[%csl Ra2,Rc3,Re3,Rh3]}) (27. Re2 {Hecht} Rd3 28. Rc1 Rc5 29. c4 b5
$19) 27... Rd2+ 28. Kg3 Rd3+ 29. Kg4 h5+ 30. Kh4 Rf4+ 31. Kxh5 Rg3 {white
resigned,he is going to be checkmated in two moves after g6 and Rh4} 0-1

[Event "Cancan Veterans-Women"]
[Site "Roquebrune"]
[Date "1998.09.11"]
[Round "5"]
[White "Spassky, Boris Vasilievich"]
[Black "Arakhamia Grant, Ketevan"]
[Result "1-0"]
[WhiteElo "2545"]
[BlackElo "2420"]
[Annotator "Har Zvi,R"]
[PlyCount "71"]
[EventDate "1998.09.07"]
[EventType "schev"]
[EventRounds "12"]
[EventCountry "FRA"]
[SourceTitle "CBM 067"]
[Source "ChessBase"]
[SourceDate "1998.11.30"]
[SourceVersion "2"]
[SourceVersionDate "1998.11.01"]
[SourceQuality "1"]

1. e4 c5 2. Nf3 e6 3. c3 Nf6 4. e5 Nd5 5. d4 cxd4 6. cxd4 b6 7. Nc3 Nxc3 8.
bxc3 Bb7 9. Bd3 Qc7 10. Bd2 d6 11. O-O Nd7 12. Re1 dxe5 13. Nxe5 Nxe5 14. Rxe5
Bd6 15. Rh5 (15. Bb5+ {the other main move for white} Bc6 (15... Kf8 {Hansen,Cu
} 16. Rh5 Be4 17. Qe2 Bg6 18. Rh3 $14 {Blatny,P-Grosar,A/Debrecen EU-tch/1992/}
) 16. Qf3 O-O-O (16... Rc8 17. Bxc6+ Qxc6 18. d5 Qb7 19. Rh5 e5 20. Re1 f6 21.
Qh3 Qd7 22. Qh4 Qf7 23. Rxh7 Rxh7 24. Qxh7 Qxd5 $15 25. Be3 Bf8 26. Qg6+ Qf7
27. Qc2 Qc4 28. Rd1 {1/2-1/2 Lombardy,W-Panno,O/Buenos Aires ARG-WORLD 1994/
[Hansen,Cu]}) 17. Bxc6 Bxe5 {Sequeira,J-Akopian,V/WchJ/1991/ Sequeira,
J-Akopian,V/WchJ/1991/} 18. a4 Bxh2+ (18... Rd6 19. Ba8 (19. Bb5 Rd5 20. c4
Rxd4 21. Bc3 Qb7 22. Ba6 Qxa6 23. Bxd4 Bxd4 24. Qc6+ Kb8 25. Qd6+ Ka8 26. Qxd4
Rc8 $17 {Sequeira,J-Akopian,V/WchJ/1991/}) 19... Re8 20. Bc1 {0,5/Rojo Gomez,
J-De la Villa,O/ESP-ch/1993/}) 19. Kh1 Bd6 20. a5 {-> Blatny-Orsag CSFR 1990})
15... O-O-O (15... g6 16. Bb5+ (16. Rh3 O-O (16... Qc6 17. f3 O-O 18. Qe1 Be7
$10 {Fedorov,V-Fornari,G/Aosta open/1988/} (18... Qd7 19. Qh4 f5 20. Bb5 Qf7
21. Re1 $14 {Smagin,S-Plachetka,J/Trnava/1987/})) (16... Bf4 17. Qa4+ Ke7 (
17... Kf8 18. Bxf4 Qxf4 19. Qd7 Rb8 20. Ba6 Be4 21. Qxa7 Qd6 22. Bb5 Kg7 $14 {
Djurhuus,R-Kouatly,B/Thessaloniki ol/1988/}) 18. Qb4+ Kf6 19. c4 Kg7 20. Bc3
Rhe8 21. Re1 Kg8 22. Qb2 Rac8 $10 {Vysochin,S-Chernosvitov,A/URS-chJ/1992/}) (
16... O-O-O 17. Bg5 Be7 18. Bxe7 Qxe7 19. a4 $16 {Casden,A-Le Gore,D/corr/1991/
}) 17. Bh6 (17. Qg4 f5 18. Qe2 (18. Qh4 Rf7 19. Rc1 Qc6 $10 {Donguines,
F-Kouatly,B/Manila ol/1992/}) 18... Rae8 19. Re1 (19. Bb5 Bc6 20. Bc4 Bd5 $10 {
Sariego,W-Vera,R/Linares NL/1992/}) 19... Kh8 20. Bb5 {0,5/Pinal,N-Bellon,
Lopez,JM/Capablanca mem-A/1985/}) (17. c4 Rfe8 18. Qg4 f5 19. Qh4 Qg7 20. Bh6
Qf7 21. Rd1 {Greger,R-Cramling,P/Valby K41/1991/}) (17. Qe2 Rac8 18. Re1 Bd5
19. Ba6 Bc4 20. Bxc4 Qxc4 21. Qe4 $14 {Salai,L-Nemec,P/CSR-chT/1992/}) 17...
Rfe8 18. Qg4 e5 $15 {Grosar,A-Strikovic,A/Genf op/1991/}) (16. Rh6 Bf8 17. Bb5+
Bc6 18. Qf3 Rc8 19. Qf6 $13 {Werner,C-Werner,D/2.BLSW/1988/}) 16... Bc6 17. Qf3
O-O-O 18. Qxc6 (18. Bxc6 gxh5 19. a4 a6 20. Be4 Kb8 21. Qxh5 Bf4 22. Be1 {
[Blatny] ~~ Rizzitano,J-Miles,A/USA INF-30/314 1980/Inf 30}) 18... Qxc6 19.
Bxc6 gxh5 20. Bg5 Rdf8 $15 {0-1 Salai,L-Orsag,M/Brno Morava-C 1991/EXP 24 (42)}
) 16. a4 g6 17. Rh3 f5 $146 (17... h5 18. Bg5 Be7 19. Bxe7 Qxe7 20. a5 h4 21.
axb6 axb6 22. Ba6 Rh5 23. c4 $16 {1-0 Smirnov,V-Sobolev,N/RUS-sf 1995/EXP 49 
(37)}) 18. a5 $1 bxa5 19. Rb1 {this is quite a good move,the rook goes for the
open file where it can make big troubles for black} (19. Qa4 $5 $36) 19... Qc6
(19... e5 20. Qf1 $1 $16 {[%cal Gd3a6]}) 20. Qf1 $1 {[%cal Gd3b5,Gd3a6]} Bc7 {
making place for the queen on "d6"} 21. Bg5 Rdf8 22. c4 {[%cal Gh3a3,Gc4c5]
any way white has strong initiative here but it seems to me that 22.Bb5
immediately was a better way to attack,although also after 22.c4 white is
better} (22. Bb5 Qd6 (22... Qd5 23. c4 Qxd4 24. c5) 23. c4 $1 Qxd4 24. c5 $16 {
[%cal Gb5a6,Gc5c6]}) 22... e5 (22... h6 $5 23. Bd2 $16 {[%cal Gd3e2,Yh3b3]})
23. d5 Qc5 (23... Qd7 24. c5 $1 $18 Qxd5 25. Ba6) (23... Qd6 24. c5 Qxc5 25.
Ba6 $18) 24. Be3 Qd6 25. Bxa7 e4 26. c5 Qxd5 27. Bc4 Qe5 28. c6 (28. Ba6 Bxa6
29. Qxa6+ Kd7 30. Bb6 $36) 28... Bxc6 29. Ba6+ Kd7 30. Rd1+ Bd6 $2 $18 {
a decisive mistake after which black can resign,black had to play 30...Ke7
when it's clear white has strong initiative but I could not see a force win} (
30... Ke7 31. Bd4 Qe6 (31... Qf4 32. Qc4 $18) 32. Rc3 Bb8 $1 {when white is
better here but still playing}) (30... Ke8 $2 31. Bd4 Qe6 32. Bb5 $1 $18) 31.
Bd4 Qf4 (31... Qe7 32. Bb5 $1) (31... Qe6 32. Bb5) 32. g3 Qg5 (32... Qf3 33.
Be2 Qb3 34. Be5 $18) 33. Be5 Rf6 34. Bf4 (34. Bb5) 34... Qg4 35. Be2 h5 36.
Bxg4 1-0

[Event "RUS-Cup6"]
[Site "Krasnodar"]
[Date "1997.??.??"]
[Round "2"]
[White "Nadyrhanov, Sergey"]
[Black "Rublevsky, Sergei"]
[Result "0-1"]
[WhiteElo "2480"]
[BlackElo "2645"]
[Annotator "Har Zvi,R"]
[PlyCount "66"]
[EventDate "1997.03.11"]
[EventType "swiss"]
[EventRounds "9"]
[EventCountry "RUS"]
[SourceTitle "EXT 2000"]
[Source "ChessBase"]
[SourceDate "1999.11.16"]
[SourceVersion "1"]
[SourceVersionDate "1999.11.16"]
[SourceQuality "1"]

1. e4 c5 2. Nf3 e6 3. c3 Nf6 4. e5 Nd5 5. d4 cxd4 6. cxd4 d6 7. Bc4 Nb6 8. Bb3
(8. Bd3) 8... dxe5 (8... Nc6 9. exd6 Bxd6 10. O-O O-O 11. Nc3 Nd5 12. Re1 b6
13. Nxd5 exd5 14. h3 Bf5 15. Bg5 Qd7 16. Bxd5 Bh2+ 17. Kxh2 Qxd5 $11 {/+/=
Kasparov,G-Polgar,J Geneve Pca 25' 1996}) 9. Nxe5 Nc6 (9... N8d7 10. O-O Nxe5
11. dxe5 Qxd1 12. Rxd1 Bd7 13. Nc3 Bc6 14. Be3 Be7 15. a4 O-O 16. Nb5 Bxb5 17.
axb5 Rfc8 $13 {Maljutin,E-Golod,V Minsk 1993}) 10. Nxc6 bxc6 11. O-O Be7 (11...
c5 12. Be3 c4 13. Bc2 {[%cal Gb1c3,Gd1h5]}) 12. Nc3 O-O 13. Re1 {why to play
Re1 before black has played Ba6 since is seems much more normal to play Bf4 as
was Played in the games mentioned above Kharlov-Yudasin and Zifroni,D-Har-Zvi,
R with an unclear position} (13. Bf4 Ba6 14. Re1 c5 15. dxc5 (15. d5 c4 16. Bc2
$2 (16. d6 Bg5 17. Bxg5 Qxg5 18. Bc2 $13) 16... Nxd5 (16... exd5) 17. Nxd5 exd5
18. Re5 Bb7 19. Qh5 g6 20. Qh6 {[%cal Ge5h5]} f5 $1 $17 {Zifroni,D-Har-Zvi,R
Czerniak-mem 1996}) 15... Qxd1 (15... Bxc5 16. Qh5 $36) 16. Rexd1 Bxc5 17. Ne4
Be7 18. Rac1 Rfc8 $14 {Kharlov,A-Yudasin,L Kemerovo 1995 65/151 [Yudasin,L]})
13... Nd5 $5 14. Be3 Nxe3 15. Rxe3 $6 {I do not like move at all,since it
leaves the "d4" pawn very weak and indeed white lost this pawn in the next few
moves,the typical caputre should have been fxe3 when the "d4" becomes quite
strong,when white tries to put pressure on the "c6 pawn} (15. fxe3 c5 16. d5
$13 (16. Qf3)) 15... Rb8 {[%csl Rd4]} 16. Ne4 $2 {it is quite difficult to
believe that this move loses a pawn by force,but this is the truth} {[%tqu
"De","can you see a force way to win the 'd4' pawn","","","b8b4","",3]} Rb4 $1
17. Rd3 (17. Qc2 $142) 17... Ba6 18. Rd2 Qb6 {and suddenly there is no way to
defend the "d4" pawn since black's next move will be simply Rd8} 19. Nc5 Bxc5
20. dxc5 Qxc5 21. Qf3 {[%cal Gd2c2] white makes black life very easy since he
really gets no compensation at all,21.Rc1 was possible with some compensation
but the way white play his next 2-3 moves black get the initiative!!} (21. Rc1
Qb6 22. Rd6 Bb7 {with some compensation for white but clearly not enough for a
pawn} (22... Bb5 23. a4 Be2 24. Qxe2 Rxb3 25. Rdxc6 Qd4 (25... Rxb2 26. Rxb6
Rxe2 27. Ra6) 26. Qc4 Qxc4 (26... Qxb2 27. Qc5) 27. R6xc4 Rxb2 28. Rc7 {
with probably a draw})) 21... Qb6 22. Rad1 Bb7 23. Rd6 (23. Rd7 {with the
threat Qxf7 and mate...} c5 $1) 23... a5 $1 24. Qd3 g6 25. Rd4 c5 26. Rd6 (26.
Rxb4 cxb4) 26... Qc7 27. Rd8 Rxd8 28. Qxd8+ Qxd8 29. Rxd8+ Kg7 30. Rd2 Rd4 31.
Re2 (31. Rxd4 cxd4) 31... Ba6 $1 32. Re1 Rd2 33. Rb1 Be2 {and white reigned,
there is no point waiting for c4 followed by Bd3 and Rxb2...} 0-1